[Event "HUN-ch U10"]
[Site "Paks"]
[Date "1999.04.02"]
[Round "7"]
[White "Kozics, Gyorgy"]
[Black "Kiss, Lajos"]
[Result "0-1"]
[WhiteElo "1605"]
[BlackElo "1651"]
[PlyCount "50"]
[EventDate "1999.03.27"]
[EventType "tourn"]
[EventRounds "9"]
[EventCountry "HUN"]
[SourceTitle "EXT 2004"]
[Source "ChessBase"]
[SourceDate "2003.11.25"]
[SourceVersion "1"]
[SourceVersionDate "2003.11.25"]
[SourceQuality "1"]

1. e4 e6 2. d4 d5 3. e5 c5 4. c3 Nc6 5. Nf3 Bd7 6. Bd3 cxd4 7. cxd4 Qb6 8. Be2 f6 9. Nc3 a6 10. 0-0 Nge7 11. Rb1 Ng6 12. exf6 gxf6 13. Be3 Bd6 14. Qd3 Rg8 15. Rfe1 0-0-0 16. a3 Nf4 17. Bxf4 Bxf4 18. Qxh7 Nxd4 19. Nxd4 Qxd4 20. Rbd1 Qc5 21. Na4 Bxa4 22. Rd3 Rh8 23. Qf7 Bxh2+ 24. Kf1 Bg3 25. Qxe6+ Bd7 0-1

[Event "HUN-ch U10"]
[Site "Paks"]
[Date "1999.03.31"]
[Round "5"]
[White "Sebestyen, Balint"]
[Black "Kozics, Gyorgy"]
[Result "1-0"]
[WhiteElo "1653"]
[BlackElo "1605"]
[PlyCount "139"]
[EventDate "1999.03.27"]
[EventType "tourn"]
[EventRounds "9"]
[EventCountry "HUN"]
[SourceTitle "EXT 2004"]
[Source "ChessBase"]
[SourceDate "2003.11.25"]
[SourceVersion "1"]
[SourceVersionDate "2003.11.25"]
[SourceQuality "1"]

1. d4 d5 2. Nf3 Nf6 3. Bg5 Bf5 4. Nbd2 h6 5. Bh4 e6 6. e3 Nbd7 7. Be2 Bd6 8. c4 c6 9. 0-0 0-0 10. Rc1 Be7 11. Qb3 Qb6 12. Ne5 Rfd8 13. Rfd1 Rab8 14. Qc3 Qc7 15. Ndf3 Ne4 16. Qb3 Nxe5 17. dxe5 Bxh4 18. Nxh4 Qxe5 19. Nf3 Qd6 20. Nd4 Bg6 21. f3 Nc5 22. Qb4 Na6 23. Qa5 Qb4 24. Nxc6 Qxa5 25. Nxa5 Nb4 26. a3 Nc6 27. Nb3 dxc4 28. Bxc4 Rxd1+ 29. Rxd1 b5 30. Be2 Bc2 31. Rc1 Bxb3 32. Rxc6 Kf8 33. Rc7 a6 34. Ra7 Rb6 35. Ra8+ Ke7 36. Ra7+ Kf6 37. Kf2 Bd5 38. e4 Bc6 39. Ke3 Bb7 40. Kd4 Ke7 41. Kc5 Rc6+ 42. Kd4 Rc7 43. a4 f6 44. axb5 e5+ 45. Ke3 axb5 46. Bxb5 Kd6 47. Bd3 Kc6 48. Ra1 Bc8 49. Rc1+ Kd7 50. Rxc7+ Kxc7 51. Kd2 Kc6 52. b4 Kb6 53. Kc3 Be6 54. Bc4 Bd7 55. Kd3 Ba4 56. Be6 Kb5 57. Bd7+ Kxb4 58. Bxa4 Kxa4 59. Kc4 Ka3 60. Kd5 Kb2 61. Ke6 Kc2 62. Kf7 Kd2 63. Kxg7 Ke2 64. Kxf6 Kf2 65. Kxe5 Kxg2 66. Kf4 Kxh2 67. Kg4 Kg2 68. e5 h5+ 69. Kxh5 Kxf3 70. e6 1-0